02141nam a2200337Ia 4500952010700000952010700107952011200214952011200326952011000438952010700548999001700655008004100672020001500713020001800728050001900746100002800765240004400793245005600837260003000893300003500923500004800958500002901006500014501035504003301180505040201213519010101615650002401716650003201740650002401772942000701796 00104070a11b11d2007-01-08l19oZ244.5 M4218p11 000374r2017-11-27s2017-11-27t1w2012-06-26yLB 00104070a11b11d2007-01-08l17oZ244.5 M4218p11 002928r2019-02-21s2019-02-21t2w2012-06-26yLB 00102lcc4070a22b22d2007-01-08l11oZ244.5 M4218p11 003232r2023-07-15s2019-02-25t4w2012-06-26yLB 00102lcc4070a22b22d2013-02-19l14oZ244.5 M4218p11 010038r2023-07-15s2019-04-25t5w2013-02-19yLB 00104070a11b11d2015-02-20l14m2oZ244.5 M4218p11 011430r2026-03-12s2026-03-12t6w2015-02-20yLB 00104070a11b11d2015-03-24l15oZ244.5 M4218p11 011526r2026-05-09s2026-05-09t3w2015-03-24yLB c68486d68486120626s1991 mx a 000 0 spa d a9682441250 a9789682441257 aZ244.5 bM4218 aMeggs, Philip B.eautor aA history of graphic designlEspañol  aHistoria del diseño gráficoc / Philip B. Meggs aMéxicob: Trillasc1991 a562 páginasb: ilustraciones aTraduccion de: a history of graphic design  areimpresión 2008, 2012 aIncluye: Prefacio (pp.9), Epílogo (p. 537), Glosario (pp. 538-542), índice onomástico (pp. 549-554), índice analítico (pp.555-562) aBibliografía (pp. 543-547) aLa evolución de la comunicación gráfica desde los tiempos prehistóricos hasta la invención de la tipografía movible Los órígenes de la impresión y la tipografía en Europa y el diseño de la página impresa La Revolución Industrial: El impacto de la tecnología industrial sobre la comunicación visual El siglo XX: Origen y desarrollo del diseño gráfico moderno aPlan flexible / bDiseño gráfico / cHistoria del diseño gráfico (B15-1) / d(11 011430) 0aIMPRENTA PRÁCTICA 0aARTES GRÁFICAS xHISTORIA 0aDISEÑO xHISTORIA cLB